000 00717nam a2200205Ii 4500
003 JO-AjNU
008 230605s9999||||xx |||||||||||||| ||und||
040 _aJO-AjNU
_bara
_erda
_cJO-AjNU
041 _aara
050 1 4 _aPN5462.A2 1965
100 3 _aتأليف حمزة، عبد اللطيف,
_eauthor
_915262
245 0 0 _aأدب المقالة الصحفية، الجزء الثاني
250 _aط3: مزيدة ومنقحة
264 3 1 _aالقاهرة: دار الفكر العربي، 1965
300 _aج2، 215ص
336 _atext
_btxt
_2rdacontent
337 _aunmediated
_bn
_2rdamedia
338 _avolume
_bnc
_2rdacarrier
650 4 _aالصحافة - مقالات - أدب المقالة
_915263
999 _aA4268
_c7836
_d7836